000 00570nam a2200145Ia 4500
008 230917s9999||||xx |||||||||||||| ||und||
040 _e78898
_aMAIN
041 _aEnglish
082 _a340 S64C
100 _aSingh, Dolly, ed
245 0 _aChild rights and social wrongs: an analysis of contemporary realities, v1:Child as victim:dimensions of abuse and exploitation, v2:Violations of child rights:initiatives and institutions for reform, v3:Child as global citizen:a third world perspective
260 _aNew Delhi
_bKanishka
_c2001
300 _a314 p.
942 _cBK
999 _c93411
_d93411